[Event "Asian Teams"]
[Site "Jodhpur IND"]
[Date "2003.04.14"]
[Round "8"]
[White "Harikrishna,P"]
[Black "Kostenko,P"]
[Result "1/2-1/2"]
[WhiteElo "2563"]
[BlackElo "2481"]
[EventDate "2003.04.07"]

1. d4 Nf6 2. c4 e6 3. Nf3 b6 4. g3 Ba6 5. Qa4 c5 6. Bg2 Bb7 7. O-O cxd4 8.
Nxd4 Bxg2 9. Kxg2 Qc8 10. Bf4 Be7 11. Nc3 O-O 12. Rfd1 a6 13. Nf3 Nc6 14.
Rac1 Qb7 15. a3 Na5 16. c5 Rfc8 17. cxb6 Nc4 18. Qb3 Qxb6 19. Qxb6 Nxb6 20.
Nd2 Kf8 21. Be3 Rab8 22. Bxb6 Rxb6 23. Na4 Rbc6 24. Nb3 Ke8 25. Rxc6 Rxc6
26. Rc1 Rxc1 27. Nxc1 d6 28. Nd3 Kd7 29. Kf3 Kc6 30. Nc3 Nd7 31. Ke3 d5 32.
Kd2 Bd6 33. Kc2 Nf6 34. e3 g5 35. h3 Ne4 36. Nc1 f5 37. N3e2 Be5 38. b4 Bc7
39. Kb3 Bb6 40. a4 h5 41. a5 e5 1/2-1/2

[Event "Asian Teams"]
[Site "Jodhpur IND"]
[Date "2003.04.14"]
[Round "8"]
[White "Zhang Zhong"]
[Black "Iuldachev,S"]
[Result "1-0"]
[WhiteElo "2666"]
[BlackElo "2488"]
[EventDate "2003.04.07"]

1. e4 e5 2. Nf3 Nc6 3. Bb5 a6 4. Bxc6 dxc6 5. O-O Bg4 6. h3 h5 7. d3 Qf6 8.
Be3 Bxf3 9. Qxf3 Qxf3 10. gxf3 Bd6 11. Nd2 Ne7 12. Rfb1 c5 13. Kf1 Ng6 14.
Nc4 f6 15. Ke2 Be7 16. Rg1 Kf7 17. a4 b6 18. Rg3 Nf8 19. f4 exf4 20. Bxf4
Ne6 21. Be3 b5 22. Na5 Bd6 23. Rf3 Ke7 24. c3 Kd7 25. Rf5 h4 26. d4 cxd4
27. cxd4 Rab8 28. d5 Nd8 29. axb5 Rxb5 30. Nc4 Re8 31. f3 Rb4 32. Kd3 Nf7
33. Bd2 Rb5 34. Rxa6 Be5 35. b4 Bd6 36. Nxd6 Nxd6 37. Rh5 g5 38. Bc3 f5 39.
Rxg5 fxe4+ 40. fxe4 Nxe4 41. Rg7+ Kc8 42. Re6 Nd6 43. Rxe8+ Nxe8 44. Rg5 c6
45. Kc4 Nd6+ 46. Kd4 Kc7 47. Bd2 Kb6 48. dxc6 Kxc6 49. Be1 Nc4 50. Bxh4 Na5
51. Ke4 1-0

[Event "Asian Teams"]
[Site "Jodhpur IND"]
[Date "2003.04.14"]
[Round "8"]
[White "Sriram,J"]
[Black "Imanaliev,T"]
[Result "1/2-1/2"]
[WhiteElo "2451"]
[BlackElo "2399"]
[EventDate "2003.04.07"]

1. d4 d5 2. c4 c6 3. Nc3 Nf6 4. e3 g6 5. Nf3 Bg7 6. Be2 O-O 7. O-O Bg4 8.
cxd5 Nxd5 9. h3 Bxf3 10. Bxf3 Nb6 11. Qb3 N8d7 12. Rd1 e6 13. Bd2 a5 14.
Rac1 a4 15. Qb4 Re8 16. Ne4 Bf8 17. Qc3 Nd5 18. Qc4 Qb6 19. Nc5 Nxc5 20.
dxc5 Qc7 21. e4 Nf6 22. Bc3 e5 23. Rd3 Nd7 24. Bb4 Be7 25. Rcd1 Nf8 26. Bc3
Red8 27. Rxd8 Bxd8 28. Rd6 Qe7 29. Bd1 Bc7 30. Rd3 Ne6 31. Bg4 Nf8 32. f4
h5 33. Bxh5 gxh5 34. Rg3+ Kh8 35. Rg5 Nh7 36. Bxe5+ Bxe5 37. Rxe5 Qh4 38.
Qxf7 Rg8 39. Qc4 Qg3 40. Qe2 Qxf4 41. Rxh5 Rd8 42. Rf5 Qd2 43. Rf2 Kg7 44.
Kh2 Ng5 45. Kg3 Ne6 46. e5 Nxc5 47. Rf4 1/2-1/2

[Event "Asian Teams"]
[Site "Jodhpur IND"]
[Date "2003.04.14"]
[Round "8"]
[White "Turpanov,M"]
[Black "Neelotpal,D"]
[Result "0-1"]
[WhiteElo "2319"]
[BlackElo "2468"]
[EventDate "2003.04.07"]

1. d4 Nf6 2. c4 e6 3. Nc3 Bb4 4. Qc2 O-O 5. a3 Bxc3+ 6. Qxc3 b6 7. Bg5 Bb7
8. f3 d6 9. e3 Nbd7 10. Bd3 c5 11. Ne2 Rc8 12. Qd2 Re8 13. O-O Ba6 14. Nc3
cxd4 15. exd4 Bxc4 16. Nb5 Bxb5 17. Bxb5 Re7 18. Rac1 Rxc1 19. Rxc1 Nf8 20.
Rc6 Rc7 21. Qc2 Rxc6 22. Qxc6 e5 23. d5 Ng6 24. Qb7 e4 25. Qxa7 exf3 26.
gxf3 h6 27. Bd2 Nxd5 28. Bc4 Qc8 29. Qa4 Ne5 30. Be2 Qc5+ 31. Kg2 g5 32.
Qe4 Nf6 33. Qe3 Qc2 34. Qc3 Qf5 35. Qd4 Ng6 36. Qxd6 Nh4+ 37. Kg3 Nd5 38.
Kf2 Ng6 39. Bc4 Ndf4 40. Qd8+ Kh7 41. Bc3 Nh3+ 42. Ke3 Qf4+ 43. Kd3 Nf2+
44. Kc2 Qxc4 45. Qf6 Qd3+ 46. Kb3 Qd5+ 47. Ka4 b5+ 48. Ka5 b4+ 49. Kxb4
Nd3+ 50. Ka4 Nge5 51. Qf5+ Kg7 52. Qc8 Nc5+ 53. Kb5 Qc4+ 54. Kb6 Na4+ 55.
Kb7 Qb5+ 56. Ka7 Nxc3 57. Qxc3 Kg6 58. Qc2+ f5 59. Qc8 Qa5+ 60. Kb7 Qb5+
61. Ka8 Qxb2 62. Qe8+ Nf7 63. a4 Qb6 64. Qd7 h5 65. h3 Kf6 66. Qd1 Qd8+ 67.
Qxd8+ Nxd8 68. Kb8 g4 69. fxg4 fxg4 70. hxg4 hxg4 71. Kc7 g3 0-1

[Event "Asian Teams"]
[Site "Jodhpur IND"]
[Date "2003.04.14"]
[Round "8"]
[White "Askarov,B"]
[Black "Kunte,A"]
[Result "1/2-1/2"]
[WhiteElo "2257"]
[BlackElo "2499"]
[EventDate "2003.04.07"]

1. e4 e5 2. Nf3 Nc6 3. Bb5 a6 4. Ba4 Nf6 5. O-O Be7 6. Qe2 b5 7. Bb3 O-O 8.
c3 d5 9. d3 Bg4 10. Nbd2 d4 11. h3 Bh5 12. g4 Bg6 13. cxd4 Nxd4 14. Nxd4
Qxd4 15. Nf3 Qd6 16. d4 Nxe4 17. dxe5 Qb6 18. Be3 Bc5 19. Bd5 Bxe3 20. Qxe3
Qxe3 21. fxe3 Rad8 22. Rad1 Ng3 23. Rfe1 Be4 24. Bxe4 Nxe4 25. Rd4 Nc5 26.
Rc1 Ne6 27. Rxd8 Rxd8 28. Nd4 Nxd4 29. exd4 Rxd4 30. Rxc7 Kf8 31. Ra7 Rd2
32. Rxa6 Rxb2 33. a4 b4 34. Rb6 b3 35. Rb7 h6 36. a5 Ra2 37. Rxb3 Rxa5 38.
Rb8+ Ke7 39. Rg8 g6 40. Rh8 Ke6 41. Re8+ Kd7 42. Rf8 Ke7 43. Rh8 Rxe5 44.
Rxh6 Kf6 45. Rh7 Re2 46. Kf1 Ra2 47. Kg1 Ke6 48. Rg7 Rb2 49. Kh1 Rb8
1/2-1/2

[Event "Asian Teams"]
[Site "Jodhpur IND"]
[Date "2003.04.14"]
[Round "8"]
[White "Sharma,D"]
[Black "Umarbekov,A"]
[Result "1/2-1/2"]
[WhiteElo "2384"]
[BlackElo "2262"]
[EventDate "2003.04.07"]

1. e4 e6 2. d4 d5 3. Nc3 Bb4 4. e5 c5 5. a3 Bxc3+ 6. bxc3 Qc7 7. Qg4 f5 8.
Qh5+ Qf7 9. Qd1 Qc7 10. Nf3 Ne7 11. a4 O-O 12. Be2 Nbc6 13. O-O cxd4 14.
cxd4 Na5 15. Bd3 Nc4 16. Ng5 Qb6 17. Bxc4 dxc4 18. Ba3 Qc7 19. Bd6 Qd7 20.
Qe2 h6 21. Nh3 f4 22. f3 Rf7 23. Bxe7 Qxd4+ 24. Kh1 Rxe7 25. Rad1 Qb6 26.
Qxc4 Bd7 27. Rd6 Qa5 28. Rfd1 Rc8 29. Qd4 Bxa4 30. Nxf4 Bxc2 31. Rc1 b5 32.
h3 Qc3 33. Nxe6 b4 34. Qd5 Kh7 35. Nd4 Qd3 36. Nxc2 Qxd5 37. Rxd5 b3 38.
Rb5 bxc2 39. Rb2 Rec7 40. g3 Kg6 41. g4 Kg5 42. Kg2 Kf4 43. Rb5 Rc5 44.
Rxc5 Rxc5 45. e6 Rc7 46. h4 Ke5 47. e7 Rxe7 48. Rxc2 Kd4 49. Ra2 Kc4 50. f4
Kb5 51. Rb2+ Kc4 52. Ra2 Kb5 53. Rb2+ Kc4 54. Ra2 Kb5 55. Rb2+ 1/2-1/2

[Event "Asian Teams"]
[Site "Jodhpur IND"]
[Date "2003.04.15"]
[Round "9"]
[White "Xu Jun"]
[Black "Chan,N"]
[Result "1-0"]
[WhiteElo "2628"]
[BlackElo "2215"]
[EventDate "2003.04.07"]

1. d4 f5 2. g3 Nf6 3. Bg2 g6 4. c4 Bg7 5. Nf3 O-O 6. O-O d6 7. Nc3 Qe8 8.
d5 Na6 9. Rb1 Nc5 10. Nd4 a5 11. b3 Bd7 12. Bb2 c6 13. a3 e5 14. dxe6 Nxe6
15. Nxe6 Qxe6 16. Qd2 Rad8 17. e3 g5 18. Ne2 a4 19. bxa4 Qxc4 20. Bxf6 Rxf6
21. Rxb7 Qxa4 22. Qb4 Qxb4 23. axb4 Rf7 24. b5 Bc8 25. Rb8 d5 26. bxc6 Rc7
27. Rc1 Kf7 28. Nd4 Bxd4 29. exd4 Ke7 30. Rc5 Rd6 31. Bxd5 Be6 32. Rb7 1-0

[Event "Asian Teams"]
[Site "Jodhpur IND"]
[Date "2003.04.15"]
[Round "9"]
[White "Chan,Marc"]
[Black "Zhang Zhong"]
[Result "0-1"]
[WhiteElo "2253"]
[BlackElo "2666"]
[EventDate "2003.04.07"]

1. d4 Nf6 2. Nf3 e6 3. c4 b6 4. a3 Ba6 5. Qc2 Bb7 6. Nc3 c5 7. e4 cxd4 8.
Nxd4 Bc5 9. Nb3 Nc6 10. Bf4 e5 11. Bg5 h6 12. Bh4 O-O 13. f3 a5 14. Nd5 g5
15. Nxc5 bxc5 16. Bf2 Nd4 17. Bxd4 cxd4 18. Nxf6+ Qxf6 19. Bd3 a4 20. O-O
Bc6 21. Rf2 Rab8 22. Rd1 Rb3 23. Rdd2 h5 24. Qc1 Rfb8 25. Qf1 Kf8 26. Qe2
Ke7 27. Kf1 Qf4 28. g3 Qe3 29. Qd1 g4 30. c5 Rxd3 31. Rxd3 Bb5 32. Rfd2
gxf3 33. Qc2 Qxe4 34. Kf2 Bxd3 0-1

[Event "Asian Teams"]
[Site "Jodhpur IND"]
[Date "2003.04.15"]
[Round "9"]
[White "Sharma,D"]
[Black "Roghani,A"]
[Result "1-0"]
[WhiteElo "2384"]
[BlackElo "2302"]
[EventDate "2003.04.07"]

1. e4 e6 2. d4 d5 3. Nc3 Nf6 4. e5 Nfd7 5. f4 c5 6. Nf3 Nc6 7. Be3 cxd4 8.
Nxd4 Bc5 9. Qd2 O-O 10. O-O-O Nxd4 11. Bxd4 a6 12. h4 b5 13. h5 b4 14. Ne2
a5 15. Bxc5 Nxc5 16. Qe3 Qb6 17. f5 a4 18. Kb1 Rb8 19. f6 Ne4 20. Rd4 gxf6
21. Qh6 b3 22. cxb3 axb3 23. a3 Qd8 24. Rxe4 dxe4 25. exf6 Qd1+ 26. Nc1 Qg4
27. Rh4 Qg3 28. Be2 e5 29. Rg4+ Qxg4 30. Bf1 Qxg2 31. Be2 Qg1 32. Bf1 1-0

[Event "Asian Teams"]
[Site "Jodhpur IND"]
[Date "2003.04.15"]
[Round "9"]
[White "Harikrishna,P"]
[Black "Annaberdiev,M"]
[Result "1-0"]
[WhiteElo "2563"]
[BlackElo "2394"]
[EventDate "2003.04.07"]

1. d4 Nf6 2. Nf3 g6 3. Bg5 Bg7 4. Nbd2 d5 5. e3 O-O 6. Bd3 c5 7. c3 Nc6 8.
dxc5 a5 9. a4 Qc7 10. O-O Nd7 11. Nb3 Nde5 12. Nxe5 Nxe5 13. Bf4 Rd8 14.
Qe2 Be6 15. Bb5 Qc8 16. Bxe5 Bxe5 17. Rad1 Bb8 18. Rd4 Ba7 19. Rfd1 Qc7 20.
c4 Bxc5 21. Nxc5 Qxc5 22. e4 Rac8 23. exd5 Bd7 24. Bxd7 Rxd7 25. Qd2 Qb4
26. Qxb4 axb4 27. b3 Rc5 28. Kf1 Kf8 29. Ke2 Rd6 30. Re4 b6 31. Rd3 Rc7 32.
Rde3 Rcd7 33. g4 h6 34. f4 Rc7 35. h4 Rcd7 36. Kf3 Rf6 37. g5 hxg5 38. hxg5
Rfd6 39. Kg4 Rc7 40. Rh3 Rcd7 41. Rh8+ Kg7 42. Re8 f5+ 43. gxf6+ Kxf6 44.
Re1 Kf7 45. Rh8 Kg7 46. Rb8 Kf7 47. Re6 1-0

[Event "Asian Teams"]
[Site "Jodhpur IND"]
[Date "2003.04.15"]
[Round "9"]
[White "Kunte,A"]
[Black "Odeev,H"]
[Result "1/2-1/2"]
[WhiteElo "2499"]
[BlackElo "2441"]
[EventDate "2003.04.07"]

1. e4 c5 2. c3 d5 3. exd5 Qxd5 4. d4 Nf6 5. Nf3 Bg4 6. Be2 e6 7. O-O Nc6 8.
Be3 cxd4 9. cxd4 Be7 10. Nc3 Qd6 11. h3 Bh5 12. Qb3 O-O 13. Rfd1 Rfd8 14.
Rac1 Qb4 15. Qxb4 Nxb4 16. g4 Bg6 17. Ne5 Rac8 18. Bf3 Nfd5 19. Nxd5 Nxd5
20. Bxd5 exd5 21. Nxg6 1/2-1/2

[Event "Asian Teams"]
[Site "Jodhpur IND"]
[Date "2003.04.15"]
[Round "9"]
[White "Sriram,J"]
[Black "Ghane,S"]
[Result "1-0"]
[WhiteElo "2451"]
[BlackElo "2381"]
[EventDate "2003.04.07"]

1. d4 d5 2. c4 Bf5 3. Nc3 e6 4. Nf3 Nc6 5. cxd5 exd5 6. a3 Nf6 7. Bg5 Be7
8. e3 Ne4 9. Bxe7 Nxe7 10. Qb3 O-O 11. Be2 c6 12. Nxe4 Bxe4 13. O-O Qc7 14.
Rac1 Rad8 15. Nd2 Bf5 16. Qc3 Rd6 17. Bf3 Rh6 18. g3 Bh3 19. Rfe1 f5 20.
Qc5 Qd7 21. Qxa7 Nc8 22. Qa4 Qf7 23. Qc2 Nd6 24. Bd1 g5 25. Nf3 Qg7 26. Ne5
f4 27. g4 Rhf6 28. Qb3 fxe3 29. Rxe3 Rxf2 30. Bf3 Ne4 31. Rxe4 R2xf3 32.
Nxf3 Qf7 33. Re5 h6 34. Rf5 Qg7 35. Rxf8+ Qxf8 36. Qe3 Bxg4 37. Ne5 Bh5 38.
Rf1 Qe8 39. Ng4 1-0

[Event "Asian Teams"]
[Site "Jodhpur IND"]
[Date "2003.04.15"]
[Round "9"]
[White "Darban,M"]
[Black "Ravi,L"]
[Result "0-1"]
[WhiteElo "2347"]
[BlackElo "2427"]
[EventDate "2003.04.07"]

1. e4 e6 2. d4 d5 3. Nd2 c5 4. exd5 Qxd5 5. Ngf3 cxd4 6. Bc4 Qd6 7. Nb3
Qb4+ 8. Nbd2 Nc6 9. O-O Nf6 10. Re1 Bd6 11. a3 Qb6 12. b4 O-O 13. Nb3 Qc7
14. Nbxd4 Ng4 15. h3 Nxd4 16. Qxd4 e5 17. Qd2 Nf6 18. Bb3 e4 19. Nd4 Bd7
20. Bb2 Bf4 21. Qe2 Rae8 22. c4 e3 23. Qf3 Bh2+ 24. Kf1 Ne4 25. Bc1 Nd2+
26. Bxd2 exd2 27. Re2 Be5 28. Rxd2 Bc6 29. Qc3 Bxd4 30. Qxd4 Rd8 31. Qe3
Rxd2 32. Qxd2 Qh2 33. Rc1 Re8 34. f3 Bxf3 35. Qf2 Be2+ 0-1

[Event "Asian Teams"]
[Site "Jodhpur IND"]
[Date "2003.04.15"]
[Round "9"]
[White "Ismail,Ah"]
[Black "Zhang Pengxiang"]
[Result "0-1"]
[WhiteElo "2126"]
[BlackElo "2557"]
[EventDate "2003.04.07"]

1. d4 c5 2. e3 Nf6 3. Nf3 g6 4. Be2 Bg7 5. O-O O-O 6. Nbd2 d6 7. c3 b6 8.
Re1 Bb7 9. Nf1 Nbd7 10. Ng3 e5 11. dxe5 dxe5 12. Qc2 e4 13. Nd2 Qe7 14. a4
h5 15. a5 h4 16. Ngf1 h3 17. Ng3 hxg2 18. Kxg2 bxa5 19. Rxa5 Ne5 20. Ba6
Bd5 21. b3 Kh7 22. Ba3 Nd3 23. Rf1 Rh8 24. c4 Bc6 25. Bb5 Bb7 26. Ba6 Kg8
27. Bxb7 Qxb7 28. h3 Qd7 29. Rh1 Rxh3 30. Ndxe4 Nxe4 31. Nxe4 Rxh1 32. Kxh1
Qh3+ 33. Kg1 Ne1 0-1